000 00600nam a2200181Ia 4500
008 100921s9999 xx 000 0 und d
082 _b18871
_a891.463 थ 83
100 _aचिणे पुष्पा.
245 _aमन आभाळ आभाळ.
260 _bराजेंद्र प्रकाशन, पुणे.
_c1983
300 _a224
_b---
365 _b35
520 _aललित-कादंबरी.
630 _aमन आभाळ आभाळ.
650 _aललित-कादंबरी.
730 _aमन आभाळ आभाळ.
942 _cBOOK
999 _c767984
_d767981